Exploring the Effects of Adult and Community Education and Training on Economic Development of Women, in South Africa

Cieľom empirickej štúdie je zistiťefektívnosť komunitného vzdelávania dospelých na ekonomický rozvoj žien v Južnej Afrike. Použitý kvalitatívny prístup vo forme prípadovej štúdie na výskum reálnych životných podmienok žien v danej oblasti. Výsledky štúdie poukazujú na neadekvátne zdroje vzdelávania,...

Ausführliche Beschreibung

Gespeichert in:
Bibliographische Detailangaben
1. Verfasser: Tawiah, Sampson
Format: Buchkapitel
Sprache:Englisch
Schlagworte:
Tags: Tag hinzufügen
Keine Tags, Fügen Sie das erste Tag hinzu!

MARC

LEADER 00000nla a2200000 4500
001 0242164
005 20240416112659.1
041 0 |a eng 
044 |a PT 
245 1 0 |a Exploring the Effects of Adult and Community Education and Training on Economic Development of Women, in South Africa  |c Sampson Tawiah 
520 |a Cieľom empirickej štúdie je zistiťefektívnosť komunitného vzdelávania dospelých na ekonomický rozvoj žien v Južnej Afrike. Použitý kvalitatívny prístup vo forme prípadovej štúdie na výskum reálnych životných podmienok žien v danej oblasti. Výsledky štúdie poukazujú na neadekvátne zdroje vzdelávania, neadekvátne programy na rozvoj zručností a skeptické vnímanie programu vzdelávania pre ženy. Návrh na reštrukturalizáciu programu, najmä vo vidieckých komunitách. 
610 2 0 |a vzdelávanie 
610 2 0 |a vzdelávanie dospelých 
610 2 0 |a ženy 
610 2 0 |a komunity 
610 2 0 |a efektívnosť vzdelávania 
610 2 0 |a štúdie prípadové 
610 2 0 |a rozvoj hospodársky 
610 2 0 |a rozvoj regionálny 
610 2 0 |a Afrika 
100 1 |a Tawiah, Sampson